| 000 | 00446cam a2200193 4500 | ||
|---|---|---|---|
| 001 | D1296 | ||
| 008 | 090401t1981 xxu||||| |||| 00| 0 eng d | ||
| 035 | _a(Sirsi) u63377 | ||
| 041 | _aeng | ||
| 050 | _a628.21 | ||
| 100 | _aBartlett, E. | ||
| 245 | _aSurface water sewerage | ||
| 250 | _a2nd | ||
| 260 |
_aLondon _bApplied Science Publishers Ltd _c1981 |
||
| 300 | _aviii. 147p. 23cm | ||
| 350 | _a12 | ||
| 942 | _n0 | ||
| 948 | _c04/03/1997 | ||
| 999 |
_c94542 _d94542 |
||